| 000 | 00806cam a22002293a 4500 | ||
|---|---|---|---|
| 001 | 40037 | ||
| 003 | PGUSA | ||
| 005 | 20140828083907.0 | ||
| 008 | 120618s2012||||xxu|||||s|||||000 | eng d | ||
| 040 |
_aPGUSA _beng |
||
| 042 | _adc | ||
| 100 | 1 | _aDaughters of the American revolution. Pennsylvania. Pittsburgh chapter | |
| 245 | 1 | 0 |
_aFort Duquesne and Fort Pitt : _bEarly Names of Pittsburgh Streets _h[electronic resource] / _cDaughters of the American revolution. Pennsylvania. Pittsburgh chapter |
| 260 |
_bProject Gutenberg, _c2012 |
||
| 506 | _aPublic domain in the USA. | ||
| 516 | _aElectronic text | ||
| 653 | _aPittsburgh (Pa.) -- History | ||
| 653 | _aFort Duquesne (Pa.) -- History | ||
| 830 | 0 |
_aProject Gutenberg _v40037 |
|
| 856 | 4 | 0 | _uhttp://www.gutenberg.org/ebooks/40037 |
| 942 | _cEB | ||
| 999 |
_c269290 _d269290 |
||